000 00722nam a2200253Ia 4500
003 OSt
005 20220925195920.0
006 a|||||r|||| 00| 0
007 ta
008 220923b |||||||| |||| 00| 0 eng d
020 _a0471101435
037 _cGeneral Book
040 _aRTL
_cRTL
_beng
041 _2eng
_aeng
082 _aY9(T), M2
100 _aMusgrave Frank
_9255876
245 0 _aEducation and Anthropology
_b Other cultures and the teacher
260 _aChichester
_bJohn Wiley & Sons
_c1982
300 _avi, 193p
_ccm.
500 _aBibliography Chapterwise
650 _aSociology of Education
942 _hY9(T), M2
_cGB
_2CC
999 _c534707
_d534707